000 00651nam a22002297a 4500
003 UA-OsUOA
001 118981
007 ta
008 20160928b un ||||| |||| 00| 0 ukr d
100 _aКанторович В.
090 _a821.161.1
_bК19
942 _cBK
040 _aUA-OsUOA
_brus
_cUA-OsUOA
_dUA-OsUOA
245 _aЗаметки писателя о современном очерке
300 _a370 с.
955 _a3
041 _arus
080 _a821.161.1
260 _aМ.
_bСоветский писатель
_c1962
650 7 _a82 Література. Літературознавство
_2UDC
999 _c405182
_d405182